000 00453nam a2200193Ia 4500
005 20240823013241.0
008 240823s9999||||xx |||||||||||||| ||und||
020 _a0-19-438926-X
041 _aENGLISH
082 _A425 P3
100 _aSwan
245 2 _aA Practical English Grammer
250 _a2nd
260 _c2003
_bOxford University
_aNew Delhi
500 _aTRANSFERED
650 _aGrammar
_bEnglish
942 _cBK
999 _c166703
_d166703